| 000 | 00698nam a22002057a 4500 | ||
|---|---|---|---|
| 005 | 20251108164314.0 | ||
| 008 | 250721s1975 xx 000 0 ara d | ||
| 082 | 1 | 4 | _a417.566/جون |
| 100 | 1 | _aجونستون، ت . م | |
| 245 | 1 | 0 | _aدراسات في لهجات شرقي الجزيرة العربية / |
| 264 | 1 |
_aالرياض : _bجامعة الرياض، _c1975. |
|
| 300 | _a365ص : مراجع | ||
| 490 | 0 | _aسلسلة مطبوعات جامعة الرياض ؛ 7 | |
| 650 | 1 | 7 | _aاللغة العربية |
| 650 | 1 | 7 | _aاللهجات |
| 650 | 1 | 7 | _aشبة الجزيرة العربية |
| 700 | 1 |
_aالضبيب، أحمد محمد _eترجمة |
|
| 942 |
_2ddc _cBK |
||
| 999 |
_c8872 _d8872 |
||